Largest Countries with Single Time Zones - Statistics

General Stats
  • This quiz has been taken 84 times
  • The average score is 13 of 20
Answer Stats
Answer % Correct
China
93%
India
74%
Algeria
73%
Niger
72%
Argentina
70%
Iran
67%
Nigeria
65%
Chad
64%
Peru
64%
Sudan
64%
Mali
62%
Egypt
60%
Libya
60%
Colombia
59%
Ethiopia
59%
Bolivia
57%
Venezuela
56%
Angola
53%
Mauritania
49%
Tanzania
49%
No matching quizzes found
Score Distribution
Percent of People with Each Score
Percentile by Number Answered
Your Score History
You have not taken this quiz